000 00454nam a2200157Ia 4500
008 240729s9999 xx 000 0 und d
022 _a1678-4774
245 0 _aJornal Brasileiro de Patologia e Medicina Laboratorial
260 _aBrazil
260 _bSociedade Brasileira de Patologia Clínica
650 _a Pathology
650 _aMedicine
856 _uhttps://doaj.org/toc/cf8c7825eb1b4b82ab193825ce8c9bdf
942 _2ddc
942 _cDOAJEJ
999 _c73911
_d73911
945 _a1
_bMadushi Gamage
_c1
_dMadushi Gamage